00373nam a2200145Ia 4500008004100000020001800041041000800059082001900067100002100086245003700107260004000144300001500184365001200199650001600211210719s1998 xx 000 0 und d a81-7371-121-6 aeng a511.66KAK TIKS aTIKHOMIROV (V M) aStories about maxima and minima. aHyderabadbUniversities Pressc1998 axi,187bPB b175cRs aMathematics